000 00306nam a2200121Ia 4500
008 180117s9999 xx 000 0 und d
100 _aby Beth Day Romulo
245 _aAnother Day
260 _c2017
300 _a24 pages, 2017 January 8
440 _aPhilippine Panorama
650 _aINDIANS IN AMERICA
999 _c353559
_d353559